Normal view
MARC view
- Supervised by Maj Dr. Adil Masood
Entry Personal Name
001 - CONTROL NUMBER
- control field: 132081
003 - CONTROL NUMBER IDENTIFIER
- control field: NUST
005 - DATE AND TIME OF LATEST TRANSACTION
- control field: 20251125153211.0
008 - FIXED-LENGTH DATA ELEMENTS
- fixed length control field: 251125|| aca||aabn | a|a d
040 ## - CATALOGING SOURCE
- Original cataloging agency: NUST
- Transcribing agency: NUST
100 ## - HEADING--PERSONAL NAME
- Personal name: Supervised by Maj Dr. Adil Masood
670 ## - SOURCE DATA FOUND
- Source citation: Work cat.: (NUST)190690: Hassan, Ammar ( TCC-20) 132080, FPGA Implementation Of Hand Veins Recognition System /, 2012
